Culture Générale - Série 1641 - Statistiques

Statistiques générales
  • Ce quiz a été pris 113 fois
  • Le résultat moyen est 7 sur 10
Statistiques - réponses
Question Réponse % Correct
Au bord de quelle mer la ville de Honfleur est-elle située ? Manche
94%
Quel nom, dérivé du mot "nerf", désigne les lignes saillantes d'une feuille d'arbre ? nervure
88%
Dans quel cimetière parisien se trouve la tombe d'Honoré de Balzac ? Père-Lachaise
85%
Quel très petit chien de compagnie, à tête ronde et aux oreilles dressées, porte le nom d'une ville du Mexique ? chihuahua
80%
Avant 1709, quelle célèbre avenue arborée de Paris appelait-on “le Grand-Cours” ? Champs-Élysées
79%
Quel massif montagneux abrite la célèbre "ligne bleue", chère à Jules Ferry ? Vosges
74%
Dans un régime démocratique, selon la théorie classique de la séparation des pouvoirs, les trois pouvoirs sont : l'exécutif, le judiciaire et le... législatif
65%
Le 14 décembre 2008, devant les télés du monde entier, quels objets un journaliste a-t-il lancés en direction de Georges W. Bush ? chaussures
62%
Quel officier français réussit la première traversée de la Méditerranée en avion ? Roland Garros
25%
En 2008 au cinéma, dans le remake de "L'Emmerdeur", quel acteur reprend le rôle de Ralf Milan, initialement tenu par Lino Ventura ? Richard Berry
15%
Aucun quiz correspondant
Distribution des résultats
% des personnes avec chaque résultat
Percentile par nombre de réponses
Votre historique - résultats
Vous n’avez pas pris ce quiz